00330pab a2200121 454500008004000000100001800040245007900058260000900137300001400146362000800160650001100168773002900179180718b2008 xxu||||| |||| 00| 0 eng d aDeaton, Angus aHeight, health, and inequality: the distribution of adult heights in India c2008 ap.468-74. aMay aAdults aAmerican Economic Review